| 000 | 02241nam0a2200373 4500 | ||
|---|---|---|---|
| 001 | RU\NLR\BIBL_A\011664980 | ||
| 005 | 20181210111825.0 | ||
| 010 |
_a978-5-7629-2135-0 _9131 |
||
| 021 |
_aRU _bКН-П-18-011528 _9КН-П-18-0810 |
||
| 035 | _a(NLR Aleph) 011664980 | ||
| 035 | _a(RuMoRGB)009546940 | ||
| 090 |
_a11203167 _c11203167 |
||
| 100 | _a20180326d2017 u y0rusy50 ca | ||
| 101 | 0 | _arus | |
| 102 | _aRU | ||
| 105 | _ay|||j|||000zy | ||
| 200 | 1 |
_aЛекции по линейной алгебре и геометрии _eучебное пособие _e[для студентов по направлениям: 12.03.01 "Приборостроение", 12.03.04 "Биотехнические системы и технологии", 20.03.01 "Техносферная безопасность"] _fС.Г. Иванов, Е.А. Толкачева, А.В. Чирина _gМинобрнауки России, Санкт-Петербургский государственный электротехнический университет "ЛЭТИ" им. В.И. Ульянова (Ленина) |
|
| 210 |
_aСанкт-Петербург _cИзд-во СПбГЭТУ "ЛЭТИ" _d2017 |
||
| 215 |
_a31, [1] с. _d21 |
||
| 320 | _aБиблиогр.: с. 30-31 (5 назв.) | ||
| 606 | 1 |
_aЛинейная алгебра _jУчебные издания для высших учебных заведений _9923436 _3RU\NLR\AUTH\6620066 |
|
| 606 | 1 |
_aГеометрия _jУчебные издания для высших учебных заведений _9935458 _3RU\NLR\AUTH\6626625 |
|
| 686 |
_aВ152.2я73-1 _2rubbk |
||
| 686 |
_aВ181я73-1 _2rubbk |
||
| 686 | 1 | _aВ152.2я73-2 | |
| 686 | 1 | _aВ181я73-2 | |
| 700 | 1 |
_7ca _8rus _aИванов _bС. Г. _cканд. пед. наук, математика _gСергей Георгиевич _9126667 _3RU\NLR\AUTH\770126686 |
|
| 701 | 1 |
_aТолкачева _bЕ. А. _gЕлена Алексеевна |
|
| 701 | 1 |
_aЧирина _bА. В. _cканд. физ.-мат. наук _gАнна Владимировна _9198385 _3RU\NLR\AUTH\770198436 |
|
| 942 | _cBOOK | ||
| 980 | _aNBR | ||
| 980 | _aNB | ||